Etica para periodistas

Wedi'i Gadw mewn:
Manylion Llyfryddiaeth
Prif Awduron: Herrán, María Teresa (Awdur), Darío Restrepo, Javier (Awdur)
Fformat: Llyfr
Iaith:Sbaeneg
Cyhoeddwyd: Bogotá Tercer Mundo 1995
Cyfres:Comunicación social
Pynciau:
Tagiau: Ychwanegu Tag
Dim Tagiau, Byddwch y cyntaf i dagio'r cofnod hwn!

MARC

LEADER 00000nam a2200000 a 4500
001 UCZ9877
003 CL-VaPUC
008 960312e19950000CK |||||||||||||||||spa|d
082 0 4 |a 174.909  |b HER  |2 21 
100 |a Herrán, María Teresa  |e author  |9 354825 
700 0 |a Darío Restrepo, Javier  |e author  |9 354826 
245 1 0 |a Etica para periodistas 
300 |a 336 p 
942 |c BK 
945 |d 19960312 00:00:00  |a aalvarez 
260 |a Bogotá  |b Tercer Mundo  |c 1995 
650 0 |a Ética periodística  |9 257096 
583 |a last modification  |c 19960312 00:00:00  |k Rodrigo Vera 
490 0 |a Comunicación social 
999 |c 244929  |d 244927 
952 |0 0  |1 2  |4 0  |6 174_909000000000000_HER_1995  |7 0  |8 A  |9 259213  |a BIBTEO  |b BIBTEO  |d 2019-11-19  |i 3176770  |o 174.909 HER 1995  |p 3176770  |r 2019-11-19  |w 2019-11-19  |x Descarte 2019  |y BK  |k ICR